Extra Countries of Europe Quiz - Statistics

General Stats
  • This quiz has been taken 19 times
  • The average score is 42 of 51
Answers on the Map
Answers color-coded by a green-red scale on the quiz's map according to % correct below.
 
Answer Stats
Answer % Correct
United Kingdom
100%
Belgium
93%
Croatia
93%
Denmark
93%
France
93%
Greece
93%
Ireland
93%
Italy
93%
Portugal
93%
Spain
93%
Andorra
87%
Austria
87%
Germany
87%
Iceland
87%
Luxembourg
87%
North Macedonia
87%
Norway
87%
Russia
87%
Serbia
87%
Slovenia
87%
Sweden
87%
The Netherlands
87%
Turkey
87%
Albania
80%
Armenia
80%
Belarus
80%
Bosnia and Herzegovina
80%
Cyprus
80%
Finland
80%
Georgia
80%
Kazakhstan
80%
Malta
80%
Poland
80%
Romania
80%
Switzerland
80%
Ukraine
80%
Azerbaijan
73%
Bulgaria
73%
Czech Republic
73%
Estonia
73%
Hungary
73%
Moldova
73%
Montenegro
73%
Slovakia
73%
Vatican City
73%
Kosovo
67%
Latvia
67%
Liechtenstein
67%
Lithuania
67%
Monaco
67%
San Marino
67%
No matching quizzes found
Score Distribution
Percent of People with Each Score
Percentile by Number Answered
Your Score History
You have not taken this quiz